The Québec Parliament building : (Record no. 761)

MARC details
000 -LEADER
fixed length control field 01770cam a22004577a 4500
001 - CONTROL NUMBER
control field 15339425
003 - CONTROL NUMBER IDENTIFIER
control field OSt
005 - DATE AND TIME OF LATEST TRANSACTION
control field 20230607083918.0
008 - FIXED-LENGTH DATA ELEMENTS--GENERAL INFORMATION
fixed length control field 080623s2007 qucab 000 0 eng
010 ## - LIBRARY OF CONGRESS CONTROL NUMBER
LC control number 2008411364
016 ## - NATIONAL BIBLIOGRAPHIC AGENCY CONTROL NUMBER
Record control number 20080041450
020 ## - INTERNATIONAL STANDARD BOOK NUMBER
International Standard Book Number 9782921800242
020 ## - INTERNATIONAL STANDARD BOOK NUMBER
International Standard Book Number 9782921800242
035 ## - SYSTEM CONTROL NUMBER
System control number (OCoLC)ocn213101193
040 ## - CATALOGING SOURCE
Original cataloging agency NLC
Language of cataloging eng
Transcribing agency NLC
Modifying agency CDX
-- DLC
041 1# - LANGUAGE CODE
Language code of text/sound track or separate title eng
Language code of original fre
042 ## - AUTHENTICATION CODE
Authentication code lccopycat
043 ## - GEOGRAPHIC AREA CODE
Geographic area code n-cn-qu
045 ## - TIME PERIOD OF CONTENT
Time period code t3x8
050 00 - LIBRARY OF CONGRESS CALL NUMBER
Classification number JL253
Item number .D4525 2007
055 02 - CLASSIFICATION NUMBERS ASSIGNED IN CANADA
Classification number FC2946.8*
082 04 - DEWEY DECIMAL CLASSIFICATION NUMBER
Classification number 725/.1109714471
Item number OCS
100 1# - MAIN ENTRY--PERSONAL NAME
Personal name Deschênes, Gaston.
245 14 - TITLE STATEMENT
Title The Québec Parliament building :
Remainder of title a monument to history /
Statement of responsibility, etc. text, Gaston Deschenes ; photographs, Francesco Bellomo ; translation, Benjamin Waterhouse.
260 ## - PUBLICATION, DISTRIBUTION, ETC. (IMPRINT)
Place of publication, distribution, etc. Saint-Lambert, Québec :
Name of publisher, distributor, etc. Stromboli,
Date of publication, distribution, etc. c2007.
300 ## - PHYSICAL DESCRIPTION
Extent 263 p. :
Other physical details ill. (some col.), maps ;
Dimensions 24 x 31 cm.
500 ## - GENERAL NOTE
General note Translation of: L'Hôtel du Parlement.
610 20 - SUBJECT ADDED ENTRY--CORPORATE NAME
Corporate name or jurisdiction name as entry element Hôtel du Parlement (Québec, Québec)
General subdivision History.
610 10 - SUBJECT ADDED ENTRY--CORPORATE NAME
Corporate name or jurisdiction name as entry element Québec (Province).
Subordinate unit Assemblée nationale
General subdivision History.
610 20 - SUBJECT ADDED ENTRY--CORPORATE NAME
Corporate name or jurisdiction name as entry element Hôtel du Parlement (Québec, Québec)
Form subdivision Pictorial works.
610 26 - SUBJECT ADDED ENTRY--CORPORATE NAME
Corporate name or jurisdiction name as entry element Hôtel du Parlement (Québec, Québec)
General subdivision Histoire.
610 16 - SUBJECT ADDED ENTRY--CORPORATE NAME
Corporate name or jurisdiction name as entry element Québec (Province).
Subordinate unit Assemblée nationale
General subdivision Histoire.
610 26 - SUBJECT ADDED ENTRY--CORPORATE NAME
Corporate name or jurisdiction name as entry element Hôtel du Parlement (Québec, Québec)
Form subdivision Ouvrages illustrés.
650 #0 - SUBJECT ADDED ENTRY--TOPICAL TERM
Topical term or geographic name as entry element Representative government and representation
Geographic subdivision Québec (Province)
General subdivision History.
650 #6 - SUBJECT ADDED ENTRY--TOPICAL TERM
Topical term or geographic name as entry element Gouvernement représentatif
Geographic subdivision Québec (Province)
General subdivision Histoire.
700 1# - ADDED ENTRY--PERSONAL NAME
Personal name Waterhouse, Benjamin,
Dates associated with a name 1961-
700 1# - ADDED ENTRY--PERSONAL NAME
Personal name Bellomo, Francesco,
Dates associated with a name 1957-
906 ## - LOCAL DATA ELEMENT F, LDF (RLIN)
a 7
b cbc
c copycat
d 2
e ncip
f 20
g y-gencatlg
942 ## - ADDED ENTRY ELEMENTS (KOHA)
Source of classification or shelving scheme Dewey Decimal Classification
Koha item type Books
Holdings
Withdrawn status Lost status Source of classification or shelving scheme Damaged status Not for loan Home library Current library Date acquired Total Checkouts Full call number Barcode Date last seen Price effective from Koha item type
    Dewey Decimal Classification     Bunge Tower Library Bunge Tower Library 06/07/2023   725/.1109714471 OCS 10014757 06/07/2023 06/07/2023 Books
    Dewey Decimal Classification     Bunge Tower Library Bunge Tower Library 06/07/2023   725/.1109714471 OCS 10014756 06/07/2023 06/07/2023 Books
LIBRARY OPENING HOURS

When the Parliament is sitting: 8.00a.m - 7.00p.m or until the house adjourns
Mondays and Fridays and when the House is on Recess:  8.00a.m - 5.00p.m
Closed on Weekends and Public Holidays

Online Public Access Catalog (OPAC)
Website: http://www.parliament.go.ke
Bunge Library: https://libraryir.parliament.go.ke
Contact: library@parliament.go.ke | Tel no: (254-2)2221291 or 2848000 Ext 5043